00457nam a2200181 a 4500001001300000003000900013005001700022008004100039020000900080082001600089100001900105245003900124260003300163300000900196500003500205505001300240650002200253nice12345678IN_TiNIC20260116011713.0080228s1978 dela grp 000 0 eng  ac5500a297.7bTHA6 aThanvi, Ashraf aBahishti ZewarbHeavenly Ornaments aDelhibDini Book Depotc1978 a483p aincludes index and biblioraphy2 aGlossary aIslamic-Education